000 01106naa a22003137a 4500
001 BR8305600
003 BR-BrBNA
005 20240918175350.0
007 ta
008 230509b bl.||||| |||| 00| 0 por d
040 _aBR-BrBNA
_bpor
_cBiblioteca Nacional de Agricultura
041 _a(Pt)
072 _aF27; H60; E50
_b3876
_bG514
090 _aF27 BR8305600
100 1 _aGuedes, L.V.M.
111 1 _a2. Encontro Nacional de Plantio Direto
_cPonta Grossa, PR (Brazil)
_d3 Feb 1983
245 1 _a10 anos de plantio direto no Brasil [herbicida, assistencia tecnica]
260 3 _aPonta Grossa, PR (Brasil):
_c1983.
500 _aAnais do 2. Encontro Nacional de Plantio Direto Ponta Grossa, PR (Brasil): 1983. p. 89-94 (BR8305600-AM)F27
650 _aHERBICIDA
650 _aERVA DANINHA
650 _aPLANTIO DIRETO
650 _aRESTEVA
650 _aASSISTENCIA TECNICA
650 _aTREINAMENTO
773 0 _tAnais do 2. Encontro Nacional de Plantio Direto
_wF27 BR8305600
_gPonta Grossa, PR (Brasil), 1983. p. 89-94
909 _a202404
_bLucia
_c55
_dLucia Elande
942 _cAM
_2AGRIS
999 _c316340
_d316340